Provinces of Bulgaria Quiz Stats

 Plays Quiz not verified by Sporcle

Challenge
Share
Tweet
Embed
Score 0/29 Timer 07:00
0 Plays Today
% Correct
Sofia
97.3%
Varna
91.1%
Burgas
88.4%
Plovdiv
83.9%
Pleven
76.8%
Blagoevgrad
74.1%
Dobrich
73.2%
Montana
72.3%
Ruse
72.3%
Pernik
71.4%
Veliko Turnovo
71.4%
Stara Zagora
70.5%
Vidin
70.5%
Sliven
67.9%
Yambol
66.1%
% Correct
Shumen
65.2%
Vratsa
64.3%
Gabrovo
58.9%
Lovech
58.9%
Silistra
56.3%
Razgrad
51.8%
Kurdzhali
50.9%
Smolyan
50%
Turgovishte
48.2%
Kyustendil
45.5%
Pazardzhik
43.8%
33%
Khaskovo
26.8%
Grad Sofia
16.1%

You're not logged in!

Compare scores with friends on all Sporcle quizzes.
Join for Free
OR
Log In

You Might Also Like...

Show Comments

Extras

Created Jan 21, 2010SourceReportNominate
Tags:bulgaria, province

Top Quizzes Today


Score Distribution

Your Account Isn't Verified!

In order to create a playlist on Sporcle, you need to verify the email address you used during registration. Go to your Sporcle Settings to finish the process.

Report this User

Report this user for behavior that violates our Community Guidelines.

Details: